000 01420nam a2200313 a 4500
003 CO-PeBPR
005 20260501082813.0
008 260415e2024 ck a|||| n||| 00| 0 spa c
020 _a9786287722316
040 0 _aCO-PeBPR
_bspa
_cCO-PeBPR
_erda
041 0 _hspa
082 0 4 _a(i) 863 H413a
100 1 _aHayakawa, Nobara
_eautora
245 1 0 _aAbuela Tita
_b: ¿dónde está tu cabeza?
_c/ una canción ilustrada de Nobara Hayakawa
250 _aEdición especial
264 1 _aBogotá, Colombia
_b: Editorial planeta
_c, 2024
300 _a31 páginas
_b: ilustraciones a color
_c; 21 centímetros
336 _atexto
_btxt
_crdacontenido
337 _asin mediación
_bn
_2rdamedio
338 _avolumen
_bnc
_2rdasoporte
490 _aPlan Nacional de Lectura, Escritura y Oralidad / Ministerio de Cultura. Las Artes y los Saberes.
520 _aEs una conversación entre un niño y su abuela, que cada vez está menos en el presente y más en sus recuerdos de juventud. Es una historia sobre las fallas de la razón y la abundancia del corazón. Es un cuento para cantar y una canción ilustrada... Tomado de la contracubierta.
521 _aRecomendado para 7 a 12 años.
650 1 4 _2LEMB
_aCuentos infantiles colombianos
650 1 4 _2LEMB
_aAbuelas
_xCuentos infantiles
650 1 4 _2LEMB
_aAmor
_xCuentos infantiles
650 1 4 _2LEMB
_aEnfermedad de Alzheimer
_xCuentos infantiles
942 _2ddc
_cBKINF
999 _c17833
_d17833